Návrh zdokonalenia projektov manažérskeho vzdelávania v podmienkach Centra rozvoja, n.o. Nové Zámky : Diplomová práca

Enregistré dans:
Détails bibliographiques
Auteur principal: Likerová, Monika (Auteur)
Autres auteurs: Baláž, Peter (xxx)
Format: Manuscrit Livre
Langue:slovaque
Publié: Trnava : STU v Bratislave MtF KPIM, 2006
Sujets:
Tags: Ajouter un tag
Pas de tags, Soyez le premier à ajouter un tag!

MARC

LEADER 00000ntm a22000003a 4500
001 stu122054
005 20160719155443.7
008 060628s2006----xo------------------slo-d
040 |a STU  |b slo 
041 0 |a slo 
044 |a xo 
100 1 |a Likerová, Monika  |4 aut 
245 1 |a Návrh zdokonalenia projektov manažérskeho vzdelávania v podmienkach Centra rozvoja, n.o. Nové Zámky :  |b Diplomová práca 
260 |a Trnava :  |b STU v Bratislave MtF KPIM,  |c 2006 
300 |a 74 s  |c príl., 1 CD 
650 7 |a priemyselné inžinierstvo a manažment  |2 stusub 
650 7 |a manažérske vzdelávanie  |2 stusub 
700 1 |a Baláž, Peter  |4 xxx 
996 |b 284M073619  |c M*DP-6154  |l MMSKP  |s P  |a 0  |w stu122054_0001